| 000 | 00498nam a22001457a 4500 | ||
|---|---|---|---|
| 003 | SGT | ||
| 020 | _a9788195072316 | ||
| 082 |
_a070 _bL21S |
||
| 100 | _aशुक्ल , मनीषचन्द्र | ||
| 245 | _aलोकतंत्र और मीडिया की निरंतर बदलती चुनोतियाँ | ||
| 260 |
_bसस्ता साहित्य मंडल प्रकाशन _c2021 |
||
| 300 | _a333 | ||
| 650 | _aJOURNALISM | ||
| 942 |
_2ddc _cBK |
||
| 999 |
_c28643 _d28643 |
||